| 000 | 00642nam a22001937a 4500 | ||
|---|---|---|---|
| 999 |
_c182146 _d182146 |
||
| 005 | 20211026151812.0 | ||
| 010 | _aENG-130083 | ||
| 020 |
_a978-93-89624-52-6 _c220.00 |
||
| 035 | _aEN-113615 | ||
| 037 | _bDBAD/PUB | ||
| 082 | _aN | ||
| 100 | _aThorat, Shirish | ||
| 245 |
_aA Ticket to Syria: _bA story about the ISIS in Maldives/ _cby Shirish Thorat |
||
| 250 | _a2020 | ||
| 260 |
_bVishwakarma Publications _c2019 _aMaharashtra |
||
| 270 |
_a34A/1, Suyog Center, 7th floor, Gultekedi Marketyard Road, Giridhar Bhavan Chowk, _e411037 _bPune _minfo@vpindia.co.in _k9168682200 |
||
| 300 |
_a168p. _c22cm (pbk) |
||
| 942 |
_2ddc _cEN _hN _mtho |
||